J. W. Hedemann Die Fortschritte des Zivilrechts im XIX. Jahrhundert. II. 2. kötet: Entwicklung des formellen Bodenrechts. (Berlin, 1935. C. Heymann, 406. lap.) : [könyvismertetés] /

Elmentve itt :
Bibliográfiai részletek
Szerző: Szladits Károly
További közreműködők: Hedemann J. W.
Dokumentumtípus: Cikk
Megjelent: 1936
Sorozat:Polgári jog : a hazai és külföldi magánjog és hiteljog szemléje 12
Kulcsszavak:Jogtörténet német könyvismertetés
Online Access:http://misc.bibl.u-szeged.hu/15990
LEADER 00813nab a2200181 i 4500
001 misc15990
005 20191106142208.0
008 170607s1936 hu o 0|| hun d
040 |a SZTE Miscellanea Repozitórium  |b hun 
041 |a hun 
100 1 |a Szladits Károly 
245 1 0 |a J. W. Hedemann  |h [elektronikus dokumentum] :  |b Die Fortschritte des Zivilrechts im XIX. Jahrhundert. II. 2. kötet: Entwicklung des formellen Bodenrechts. (Berlin, 1935. C. Heymann, 406. lap.) : [könyvismertetés] /  |c  Szladits Károly 
260 |c 1936 
300 |a 279-281a 
490 0 |a Polgári jog : a hazai és külföldi magánjog és hiteljog szemléje  |v 12 
695 |a Jogtörténet német könyvismertetés 
700 0 1 |a Hedemann J. W. 
856 4 0 |u http://misc.bibl.u-szeged.hu/15990/1/polgari_jog_1936_279-281a.pdf  |z Dokumentum-elérés